Normal view
MARC view
- Magrab, Edward B.
Entry Personal Name
001 - CONTROL NUMBER
- control field: 2474
003 - CONTROL NUMBER IDENTIFIER
- control field: NUST
005 - DATE AND TIME OF LATEST TRANSACTION
- control field: 20170613094940.0
008 - FIXED-LENGTH DATA ELEMENTS
- fixed length control field: 170613|| aca||aabn | a|a d
040 ## - CATALOGING SOURCE
- Original cataloging agency: NUST
- Transcribing agency: NUST
100 ## - HEADING--PERSONAL NAME
- Personal name: Magrab, Edward B.
- Title of a work: Integrated product and process design and development.
670 ## - SOURCE DATA FOUND
- Source citation: Work cat.: (NUST)23723: Edward B.Magrab,Satyandra K.Gupta F. Patrick McCluskey Peter A. Sandborn 2469, Integrated product and process design and development :, c2010.
